| 000 | 01041nam a22003017a 4500 | ||
|---|---|---|---|
| 003 | CHAP | ||
| 005 | 20220817041911.0 | ||
| 008 | 971013s1983 r 00010 d | ||
| 010 | _a28179 | ||
| 011 | _a29151 | ||
| 035 | _a33262 | ||
| 040 | _cCHAP | ||
| 082 |
_a506 _bC65 |
||
| 110 | _aConsejo Nacional de Ciencia y Tecnología. México | ||
| 245 | _aCatálogo de centros e institutos de investigación científica y desarrollo tecnológico en México | ||
| 260 |
_aMéxico, D.F. : _bEl Consejo, _c1983 |
||
| 300 |
_a270 p. _b: ilus. |
||
| 590 |
_aBATCH-UPD _b10 _c20130110 _lUCH01 _h0337 |
||
| 590 |
_aBATCH-UPD _b10 _c20130410 _lUCH01 _h0010 |
||
| 590 |
_aBATCH-UPD _b10 _c20130914 _lUCH01 _h1648 |
||
| 590 |
_aCONVERSION _b10 _c20130109 _lUCH01 _h1316 |
||
| 650 | 1 | 4 |
_aInstituciones científicas _xDirectorios. _958975 |
| 650 | 1 | 4 |
_aInvestigación _xMéxico. _960240 |
| 901 | _aBK | ||
| 942 | _cLIBRO | ||
| 949 |
_a506 C65 _bBC _cC _d33724000491841 _eC _h61455 _i33262 _si |
||
| 949 |
_a506 C65 _bBC _cC _d33724000491858 _eC _fc.2 _h69579 _i33262 _mD _si |
||
| 999 |
_c28179 _d28179 |
||